000
00325nam a2200133Ia 4500
003
Ost
005
20260225132556.0
008
260225s9999||||xx |||||||||||||| ||und||
040
_c
fsic
041
_a
fre
082
_a
440
245
0
_a
Catalogue des films documentaires en 35 mm-16 mm standard et vidéo /
942
_c
كتاب
999
_c
34443
_d
34443